01726 a2200253 450000500170000000800410001704000560005804100080011404100080012224500460013026000680017630000450024450002340028950803950052351101640091854600600108265000350114265000560117770000280123371000230126171000250128476500160130985601470132520140904102645.0140304s1984 xxu g 0 m mul d aCO-BoUCMbspacJose A. Gerena (modificó)d[Nuevo] aeng afre00aTop secret!cJim Abrahams,directorh[DVD] aHollywood (Los Ángeles, california)bParamount Picturesc1984 a1 DVD, 90 minutosbimagen, sonido, color aSINOPSIS: Parodia de las películas de espías Segunda Guerra Mundial en el que un cantante de rock and roll americano se ve envuelto en un complot de Resistencia para rescatar a un científico encarcelado en Alemania del este aCRÉDITOS: Escrita y dirigida por Jim Abrahams, David Zucker y Jerry Zucker ; música por Maurice Jarre ; fotografía Christopher Challis ; diseño de producción por Michael Lamont y Peter Lamont ; dirección de arte por John Fenner y Michael Lamont ; ambientación por Crispian Sallis ; vestuario por Emma Porteous ; maquillaje por Joan Carpenter ; efectos visuales por Martin Body0 aREPARTO: Omar Sharif, Jeremy Kemp, Warren Clarke, Tristram Jellinek, Val Kilmer, Billy J. Mitchell, Major Wiley, Gertan Klauber, Richard Mayes, Vyvyan Lorrayne aAudio en inglés y francés. Subtítulos en inglés 4aComedia cinematográficavDVD 7aPelículas cinematográficasvDVDzEstados Unidos1 aAbrahams, Jimedirector2 aParamount Pictures2 aKingsmere Properties0 tTop secret!40uhttp://www.youtube.com/watch?v=NTHInCY_baAzSiga este enlace para ver el trailerzTrailer tomado del canal ParamountmoviesUK vía YouTube.com